000 00677nam a22001937a 4500
005 20250430114941.0
010 _aENG-144737
020 _a9788197633584
_c270.00
035 _aEN-128269
037 _bDBAD
082 _a306.295
245 _aChronicle Public Policies & Welfare Schemes
_cEdited by N.N. Ojha
260 _aNoida
_bChronicle Publication
270 _aA-27D, Sector 16
_bNoida
_e201301
_k0120-2514610/12
_minfo@chronicleindia.in
300 _a216p.
_c28cm(pbk)
500 _aAlso Useful for all State Public Service Commission and other Examination value addition special
700 _aOjha, N.N.
_977953
942 _2ddc
_cEN
_mCHR
_h306.295
999 _c209320
_d209320